• 首页
  • 本馆介绍
  • 公告通知
  • 最新文献
  • 馆藏检索
  • 电子资源
  • 读者导购
  • 参考咨询
  • 我的图书馆
  • 登录
  • 详细信息显示
  • 放入我的书架
  • 预约/预借图书
  • 作者相关作品
  • 分类相关作品
  • 丛书相关作品
  • 出版社相关作品

书目信息

  • 表格格式
  • 工作单格式
  • 卡片格式
题名:
自动控制原理及其应用
    
 
作者: 黄坚 主编
分册:  
出版信息: 北京   高等教育出版社  2005
页数: 199页
开本: 26cm
丛书名:
单 册:
中图分类: TP13
科图分类:
主题词: 自动控制理论--高等教育--教材
电子资源:
ISBN: 978-7-04-016752-8
000 00837nam0 2200241 450-
001 0101177501
005 20051104090602.0
010    @a978-7-04-016752-8@dCNY16.70
100    @a20050416d2005 em y0chiy0120 ea
101 0  @achi
102    @aCN@b110000
105    @ay z 000yy
106    @ar
200 1  @a自动控制原理及其应用@9Zi Dong Kong Zhi Yuan Li Ji Qi;Ji Ying Yong @f黄坚主编@b专著
210    @a北京@c高等教育出版社@d2005
215    @a199页@d26cm
300    @a普通高等教育“十五”国家级规划教材 (高职高专教育)
330    @a本书内容包括:控制系统的数学模型、时域分析法、频率特性法、控制系统的校正与设计、采样控制系统分析等。每章后附有练习题。
606 0  @a自动控制理论@x高等教育@j教材
690    @aTP13@v4
701  0 @a黄坚@f(1954~)@4主编@9huang jian
801  0 @aCN@bAZmarc@c20230901
905    @aBZT@dTP13@e17@f6@sTP13/17
    
    自动控制原理及其应用/黄坚主编.-北京:高等教育出版社,2005
    199页;26cm
    普通高等教育“十五”国家级规划教材 (高职高专教育)
    
    ISBN 978-7-04-016752-8:CNY16.70
    本书内容包括:控制系统的数学模型、时域分析法、频率特性法、控制系统的校正与设计、采样控制系统分析等。每章后附有练习题。
●
相关链接 在五车中查询图书 在当当中查询图书 在豆瓣中查询图书


正题名:自动控制原理及其应用     索取号:TP13/17         预约/预借

序号 登录号 条形码 馆藏地/架位号 状态 备注
1 2000016528   2000016528   旧书回溯/ [索取号:TP13/17] 在馆    
2 2000016529   2000016529   旧书回溯/ [索取号:TP13/17] 在馆    
3 2000127286   2000127286   旧书回溯/ [索取号:TP13/17] 在馆    
4 2000135245   2000135245   旧书回溯/ [索取号:TP13/17] 在馆    
5 2000135246   2000135246   旧书回溯/ [索取号:TP13/17] 在馆    
6 2000135247   2000135247   旧书回溯/ [索取号:TP13/17] 在馆    
山东省滨州职业学院图书馆 欢迎您!
大连网信软件有限公司© 版权所有